[Event "BLR-ch (Women)"]
[Site "Minsk"]
[Date "2015.01.17"]
[Round "4"]
[White "Kaliadzich, Maryia"]
[Black "Nevioselaya, Maria"]
[Result "1-0"]
[WhiteElo "2085"]
[BlackElo "2042"]
[PlyCount "85"]
[EventDate "2015.01.14"]
[EventType "tourn"]
[EventRounds "9"]
[EventCountry "BLR"]
[SourceTitle "CBM 164 Extra"]
[Source "ChessBase"]
[SourceDate "2015.03.02"]
[SourceVersion "1"]
[SourceVersionDate "2015.03.02"]
[SourceQuality "1"]

1. c4 e5 2. Nc3 Nf6 3. g3 Be7 4. Bg2 0-0 5. Nf3 d6 6. d3 c6 7. 0-0 h6 8. Rb1 Be6 9. e4 Nbd7 10. Nh4 Nb6 11. b4 Qc8 12. a4 Nh7 13. a5 Bxh4 14. axb6 Be7 15. bxa7 Rxa7 16. Be3 Ra3 17. Qc1 Ra8 18. b5 Bh3 19. Ra1 Rxa1 20. Qxa1 Bxg2 21. Kxg2 Ng5 22. Bxg5 Bxg5 23. bxc6 bxc6 24. Qa4 h5 25. h3 g6 26. Rb1 Bd2 27. Ne2 f5 28. Qa2 Bh6 29. c5+ Kh8 30. cxd6 Qd7 31. Qa3 f4 32. gxf4 exf4 33. f3 Rd8 34. Qc3+ Kh7 35. e5 g5 36. Qc4 g4 37. Qe4+ Kh8 38. hxg4 hxg4 39. Rh1 gxf3+ 40. Kxf3 Qg7 41. e6 Rg8 42. Qd4 Kh7 43. Qxg7+ 1-0

[Event "BLR-ch (Women)"]
[Site "Minsk"]
[Date "2015.01.14"]
[Round "1"]
[White "Stetsko, Lanita"]
[Black "Kaliadzich, Maryia"]
[Result "1-0"]
[WhiteElo "2297"]
[BlackElo "2085"]
[PlyCount "63"]
[EventDate "2015.01.14"]
[EventType "tourn"]
[EventRounds "9"]
[EventCountry "BLR"]
[SourceTitle "CBM 164 Extra"]
[Source "ChessBase"]
[SourceDate "2015.03.02"]
[SourceVersion "1"]
[SourceVersionDate "2015.03.02"]
[SourceQuality "1"]

1. e4 c5 2. Nf3 Nc6 3. Bb5 g6 4. Bxc6 dxc6 5. d3 Bg7 6. h3 Nf6 7. Nc3 Nd7 8. Be3 e5 9. Qd2 Qe7 10. Bh6 f6 11. Bxg7 Qxg7 12. Qe3 Qe7 13. Nd2 Nf8 14. f4 exf4 15. Qxf4 Ne6 16. Qf2 0-0 17. 0-0-0 b5 18. Rde1 a5 19. Rhf1 Qg7 20. Nb3 Qa7 21. a4 Nd4 22. Nxd4 cxd4 23. Ne2 c5 24. Nf4 bxa4 25. Nd5 Kh8 26. Qh4 Be6 27. Rxf6 Bxd5 28. exd5 Qb7 29. Rxf8+ Rxf8 30. Re7 Rf1+ 31. Kd2 Rf2+ 32. Ke1 1-0

[Event "EU-ch U18 Girls 24th"]
[Site "Batumi"]
[Date "2014.10.28"]
[Round "9"]
[White "Kaliadzich, Maryia"]
[Black "Utiatskaja, Irina"]
[Result "1-0"]
[WhiteElo "2065"]
[BlackElo "1986"]
[PlyCount "141"]
[EventDate "2014.10.19"]
[EventType "swiss"]
[EventRounds "9"]
[EventCountry "GEO"]
[SourceTitle "EXT 2015"]
[Source "ChessBase"]
[SourceDate "2014.11.20"]
[SourceVersion "1"]
[SourceVersionDate "2014.11.20"]
[SourceQuality "1"]

1. d4 Nf6 2. c4 g6 3. Nc3 Bg7 4. Bg5 0-0 5. Qd2 c5 6. d5 d6 7. e4 a6 8. a4 Qa5 9. Bd3 b5 10. cxb5 axb5 11. Nxb5 Qb6 12. Nf3 Na6 13. 0-0 Nb4 14. Rfe1 Nxd3 15. Qxd3 Ba6 16. Ra3 h6 17. Bxf6 Bxf6 18. e5 dxe5 19. Nxe5 Rfd8 20. Nxg6 Bxb5 21. axb5 Rxa3 22. bxa3 fxg6 23. Qxg6+ Kf8 24. Qxh6+ Ke8 25. Qg6+ Kd7 26. a4 c4 27. Qg4+ Ke8 28. Qxc4 Qa5 29. Kf1 Kf8 30. Qe4 Qc7 31. Kg1 Qc5 32. Rd1 Rd6 33. Qf5 Qb4 34. Qc8+ Kf7 35. Qc2 Bd4 36. Rb1 Qc5 37. Qxc5 Bxc5 38. a5 Rxd5 39. b6 Rd2 40. b7 Ba7 41. h4 Bb8 42. g3 Ke6 43. a6 Ra2 44. Rc1 Ba7 45. Rc6+ Kd7 46. Rb6 Kc7 47. b8Q+ Bxb8 48. Rb7+ Kc8 49. Rxe7 Rxa6 50. Re8+ Kc7 51. Kg2 Ba7 52. Re2 Kd7 53. g4 Ra4 54. f3 Ra1 55. h5 Rg1+ 56. Kh2 Rf1 57. Kg3 Rg1+ 58. Kf4 Bb8+ 59. Kf5 Rg3 60. f4 Rh3 61. Re4 Bd6 62. Kg6 Rh4 63. f5 Kc6 64. f6 Kd5 65. Ra4 Ke6 66. h6 Bf8 67. Ra6+ Ke5 68. g5 Bb4 69. h7 Bd2 70. f7 Rg4 71. h8Q+ 1-0

[Event "EU-ch U18 Girls 24th"]
[Site "Batumi"]
[Date "2014.10.26"]
[Round "7"]
[White "Kaliadzich, Maryia"]
[Black "Stoeri, Laura"]
[Result "1-0"]
[WhiteElo "2065"]
[BlackElo "2169"]
[PlyCount "93"]
[EventDate "2014.10.19"]
[EventType "swiss"]
[EventRounds "9"]
[EventCountry "GEO"]
[SourceTitle "EXT 2015"]
[Source "ChessBase"]
[SourceDate "2014.11.20"]
[SourceVersion "1"]
[SourceVersionDate "2014.11.20"]
[SourceQuality "1"]

1. d4 Nf6 2. Nf3 g6 3. Bf4 Bg7 4. e3 0-0 5. Be2 d6 6. h3 Nc6 7. 0-0 e5 8. dxe5 Ne4 9. Bh2 dxe5 10. Na3 Qe7 11. Bb5 Nd6 12. Bxc6 bxc6 13. Nd2 Rb8 14. Rb1 Be6 15. b3 Rfd8 16. Qe2 Nb5 17. Nxb5 cxb5 18. c4 Bf5 19. e4 Bxh3 20. Bg3 Bd7 21. Rfd1 h5 22. Nf1 h4 23. Bh2 bxc4 24. Qxc4 Bg4 25. Rxd8+ Rxd8 26. Ne3 Be6 27. Qc2 h3 28. Bg3 hxg2 29. Kxg2 Bh6 30. Qe2 Rd4 31. Rh1 Qg5 32. Qc2 Kg7 33. Rh4 Rd7 34. Qc5 f6 35. Kh2 Kf7 36. Kg2 Bf8 37. Qb5 Rd2 38. Kf1 Rxa2 39. Qc6 Bd6 40. Qa8 Ra1+ 41. Kg2 Qxh4 42. Bxh4 g5 43. Bg3 Bxb3 44. Qh8 Be6 45. Qh7+ Kf8 46. Qg6 Be7 47. Bxe5 1-0